[Event "II liga Centralne Srbije-Istok"]
[Site "Prolom Banja"]
[Date "2007.10.19"]
[Round "8.2"]
[White "Brankovic, Dejan"]
[Black "Zafirovski, Mite"]
[Result "1-0"]
[WhiteElo "2395"]
[BlackElo "2256"]
[PlyCount "71"]
[EventDate "2007.09.09"]

1. e4 c5 2. Nf3 Nc6 3. d4 cxd4 4. Nxd4 Qc7 5. Nc3 e6 6. Be2 a6 7. Be3 Nf6 8.
O-O Bb4 9. Na4 Nxe4 10. Nxc6 Qxc6 11. Nb6 Rb8 12. Qd4 Bf8 13. Bf3 f5 14. Rad1
d6 15. Bf4 Qc5 16. Qxc5 Nxc5 17. Rxd6 Bd7 18. Rxd7 Nxd7 19. Nxd7 Rd8 20. Ne5
Rd4 21. g3 Be7 22. Bxb7 O-O 23. Nc6 Rd7 24. Nxe7+ Rxe7 25. Bxa6 e5 26. Be3 Rc7
27. c3 Rb8 28. Bc1 Ra8 29. Bd3 Rxa2 30. Bxf5 Ra6 31. Rd1 Kf7 32. Kg2 g6 33. Be4
Kf6 34. h4 Ra2 35. Rd6+ Kg7 36. Rb6 1-0

[Event "II liga Centralne Srbije-Istok"]
[Site "Prolom Banja"]
[Date "2007.10.19"]
[Round "8.2"]
[White "Bojovic, Dusan"]
[Black "Zlatanovic, Boroljub"]
[Result "0-1"]
[WhiteElo "2222"]
[BlackElo "2371"]
[PlyCount "108"]
[EventDate "2007.09.09"]

1. e4 e6 2. d4 d5 3. Nc3 Bb4 4. e5 c5 5. a3 Bxc3+ 6. bxc3 Ne7 7. a4 Nbc6 8. Nf3
Qa5 9. Bd2 Bd7 10. Qb1 Qc7 11. Bd3 f6 12. exf6 gxf6 13. O-O e5 14. dxe5 fxe5
15. Nh4 O-O-O 16. c4 e4 17. Be2 d4 18. g3 Bh3 19. Bf4 Ne5 20. Qb2 Rdf8 21. Rab1
Rxf4 22. gxf4 Rg8+ 23. Kh1 Bxf1 24. Bxf1 Ng4 25. Bh3 Kb8 26. Bxg4 Rxg4 27. Ng2
Qc6 28. Qb5 Qxb5 29. Rxb5 b6 30. Rb1 Nf5 31. c3 Rg6 32. cxd4 cxd4 33. Rb5 Rf6
34. Re5 Nd6 35. Rd5 d3 36. Ne3 Kb7 37. f3 Kc6 38. fxe4 Nxe4 39. Kg2 Rxf4 40.
Rxd3 Rf2+ 41. Kg1 Ra2 42. Rd4 Ng5 43. Rd8 Nf3+ 44. Kf1 Nxh2+ 45. Ke1 Nf3+ 46.
Kd1 h5 47. Rc8+ Kb7 48. Rf8 Nd4 49. Rf4 Ne6 50. Re4 Nc5 51. Rh4 Ra3 52. Kd2
Rxa4 53. Rxh5 Ra2+ 54. Kc3 Ra3+ 0-1

[Event "II liga Centralne Srbije-Istok"]
[Site "Prolom Banja"]
[Date "2007.10.19"]
[Round "8.2"]
[White "Jovanovic, Dragan"]
[Black "Stankovic, Nemanja"]
[Result "0-1"]
[WhiteElo "2122"]
[BlackElo "2085"]
[PlyCount "68"]
[EventDate "2007.09.09"]

1. d4 e6 2. c4 d5 3. Nc3 Nf6 4. Bf4 c6 5. e3 Nbd7 6. Bd3 Be7 7. Nf3 O-O 8. O-O
a6 9. h3 dxc4 10. Bxc4 b5 11. Bd3 Bb7 12. Rc1 c5 13. dxc5 Nxc5 14. Bb1 Rc8 15.
Qe2 b4 16. Nd1 a5 17. Qd2 Nfe4 18. Qxd8 Rfxd8 19. b3 Bf6 20. Be5 Nd2 21. Bxf6
gxf6 22. Nxd2 Rxd2 23. e4 a4 24. bxa4 Nxa4 25. Rxc8+ Bxc8 26. Ne3 Nc3 27. Nc4
Re2 28. a3 Ba6 29. Bd3 Bxc4 30. Bxc4 Rxe4 31. Bb3 bxa3 32. Ra1 a2 33. Kf1 Rb4
34. Bc2 Rb1+ 0-1

[Event "II liga Centralne Srbije-Istok"]
[Site "Prolom Banja"]
[Date "2007.10.19"]
[Round "8.3"]
[White "Panic, Milan"]
[Black "Kostic, Nebojsa"]
[Result "1/2-1/2"]
[WhiteElo "2203"]
[BlackElo "2333"]
[PlyCount "46"]
[EventDate "2007.09.09"]

1. e4 d6 2. d4 Nf6 3. Nc3 e5 4. Nf3 Nbd7 5. g3 Be7 6. Bg2 O-O 7. O-O c6 8. a4
Qc7 9. h3 b6 10. Be3 a6 11. Qd2 Bb7 12. Nh4 Rfe8 13. Nf5 Bf8 14. Rfe1 exd4 15.
Bxd4 Rad8 16. Qg5 Kh8 17. Ne2 c5 18. Bc3 d5 19. exd5 Rxe2 20. d6 Qb8 21. Bxb7
Qxb7 22. Nh6 Qf3 23. Nxf7+ Kg8 1/2-1/2

[Event "II liga Centralne Srbije-Istok"]
[Site "Prolom Banja"]
[Date "2007.10.19"]
[Round "8.3"]
[White "Djokic, Vladan"]
[Black "Kolbert, Engelbert"]
[Result "1-0"]
[WhiteElo "2282"]
[BlackElo "2167"]
[PlyCount "119"]
[EventDate "2007.09.09"]

1. e4 e5 2. Nf3 Nc6 3. Bb5 a6 4. Bxc6 dxc6 5. O-O Bg4 6. h3 h5 7. d3 Bxf3 8.
Qxf3 Qf6 9. Qxf6 Nxf6 10. Nd2 Bc5 11. Nc4 Nd7 12. Kh1 O-O-O 13. f4 f6 14. f5 b5
15. Na5 Nb8 16. Nb3 Bb6 17. Rf3 a5 18. a4 b4 19. Be3 Na6 20. Kh2 Kb7 21. Kg3
Rdg8 22. Kh4 Kc8 23. c3 Rd8 24. Rd1 Rd7 25. c4 c5 26. Kg3 Rhd8 27. Bg1 Kb7 28.
Kf2 Kc6 29. Ke2 Kd6 30. Bf2 Nb8 31. Rg1 Rh8 32. g4 hxg4 33. hxg4 Nc6 34. g5
Nd4+ 35. Bxd4 cxd4 36. Rfg3 Rh2+ 37. R3g2 Rxg2+ 38. Rxg2 c5 39. Rh2 Bd8 40. Rh8
fxg5 41. Kf3 Bf6 42. Rc8 Rd8 43. Rxd8+ Bxd8 44. Kg4 Kc6 45. Nd2 Kd7 46. Nf3 Bf6
47. Nxg5 b3 48. Nf3 Ke8 49. Kh5 Kf7 50. Nd2 Bd8 51. Nxb3 Bb6 52. Nd2 Bd8 53.
Nf3 Bf6 54. Ng5+ Ke7 55. Ne6 Kf7 56. Nxc5 Be7 57. Nb7 Bb4 58. c5 Bd2 59. c6 Ke7
60. Kg6 1-0

[Event "II liga Centralne Srbije-Istok"]
[Site "Prolom Banja"]
[Date "2007.10.19"]
[Round "8.3"]
[White "Pavlovic, Dean"]
[Black "Kajganovic, Miodrag"]
[Result "1/2-1/2"]
[WhiteElo "2289"]
[BlackElo "2271"]
[PlyCount "30"]
[EventDate "2007.09.09"]

1. c4 c6 2. b3 d5 3. Bb2 Nf6 4. Nf3 Bf5 5. g3 e6 6. Bg2 Nbd7 7. O-O h6 8. d3
Be7 9. a3 O-O 10. Re1 a5 11. Nc3 Bh7 12. Qc2 Qb6 13. Nd2 Ng4 14. Rf1 Bc5 15.
Nd1 Bd4 1/2-1/2

[Event "II liga Centralne Srbije-Istok"]
[Site "Prolom Banja"]
[Date "2007.10.19"]
[Round "8.3"]
[White "Radivojevic, Milan"]
[Black "Stojanovic, Dusan"]
[Result "0-1"]
[WhiteElo "2072"]
[BlackElo "2176"]
[PlyCount "76"]
[EventDate "2007.09.09"]

1. c4 Nf6 2. Nc3 g6 3. g3 Bg7 4. Bg2 O-O 5. Nf3 d6 6. O-O Nc6 7. d3 e5 8. Rb1
a5 9. a3 h6 10. b4 axb4 11. axb4 Be6 12. b5 Ne7 13. Qb3 Qc8 14. Bb2 Bh3 15. Ra1
Rxa1 16. Rxa1 Bxg2 17. Kxg2 Nd7 18. Ra7 Kh7 19. Nd2 f5 20. Qa2 g5 21. Nb3 g4
22. Na5 f4 23. Nxb7 f3+ 24. Kf1 Nf5 25. e4 Nd4 26. Nd5 Ne2 27. b6 Nxb6 28. Nxb6
Qe8 29. Nxd6 Qh5 30. Rxc7 Qxh2 31. Ke1 Qg1+ 32. Kd2 Qxf2 33. Rxg7+ Kxg7 34.
Qa7+ Kg6 35. Nbc8 Qxa7 36. Nxa7 Nxg3 37. Nf5 Nxf5 38. exf5+ Rxf5 0-1

[Event "II liga Centralne Srbije-Istok"]
[Site "Prolom Banja"]
[Date "2007.10.19"]
[Round "8.4"]
[White "Nikolic, Zoran"]
[Black "Markovic, Milan"]
[Result "1/2-1/2"]
[WhiteElo "2169"]
[BlackElo "2325"]
[PlyCount "42"]
[EventDate "2007.09.09"]

1. d4 Nf6 2. c4 c5 3. d5 b5 4. cxb5 a6 5. b6 Qxb6 6. Nc3 g6 7. Nf3 d6 8. Nd2
Bg7 9. Nc4 Qd8 10. a4 O-O 11. a5 Bd7 12. Nb6 Ra7 13. e4 Ne8 14. Bd3 Nc7 15. Qe2
Qe8 16. Ra3 Nb5 17. Nxb5 Bxb5 18. Rb3 Ba4 19. Ra3 Bb5 20. Rb3 Ba4 21. Ra3 Bb5
1/2-1/2

[Event "II liga Centralne Srbije-Istok"]
[Site "Prolom Banja"]
[Date "2007.10.19"]
[Round "8.4"]
[White "Popovic, Djordje D"]
[Black "Ilcic, Radoslav"]
[Result "1/2-1/2"]
[WhiteElo "2262"]
[BlackElo "2201"]
[PlyCount "52"]
[EventDate "2007.09.09"]

1. e4 e5 2. Nf3 Nc6 3. Bb5 a6 4. Ba4 Nf6 5. O-O Be7 6. Re1 b5 7. Bb3 d6 8. c3
O-O 9. h3 Bb7 10. d4 h6 11. Nbd2 Re8 12. Nf1 Bf8 13. Ng3 Na5 14. Bc2 c5 15. b3
cxd4 16. cxd4 Nc6 17. Bb2 g6 18. Qd2 a5 19. Rad1 Qb6 20. a3 b4 21. a4 Rad8 22.
Qc1 Nd7 23. Nf1 Bg7 24. Ne3 Nxd4 25. Nxd4 exd4 26. Nc4 Qc5 1/2-1/2

[Event "II liga Centralne Srbije-Istok"]
[Site "Prolom Banja"]
[Date "2007.10.19"]
[Round "8.4"]
[White "Batanjac, Aleksandar"]
[Black "Komnenic, Branko"]
[Result "1/2-1/2"]
[WhiteElo "2147"]
[BlackElo "2280"]
[PlyCount "50"]
[EventDate "2007.09.09"]

1. e4 e6 2. d4 c5 3. Nf3 cxd4 4. Nxd4 a6 5. g3 d5 6. Bg2 dxe4 7. Bxe4 Nf6 8.
Bf3 e5 9. Nb3 Qxd1+ 10. Kxd1 Bg4 11. Bxg4 Nxg4 12. Ke2 $11 Nc6 13. f3 Nf6 14.
Be3 Nd5 15. Bf2 Ndb4 16. Rc1 Be7 17. a3 Nd5 18. c4 Nc7 19. Nc3 Ne6 20. Nd5 Bg5
21. Rc3 O-O 22. h4 Bh6 23. Bb6 Rfe8 24. Kf2 Rac8 25. Rd1 f5 1/2-1/2

[Event "II liga Centralne Srbije-Istok"]
[Site "Prolom Banja"]
[Date "2007.10.19"]
[Round "8.4"]
[White "Illijin, Neboisa"]
[Black "Marinkovic, Vojkan"]
[Result "1-0"]
[WhiteElo "2250"]
[BlackElo "2065"]
[PlyCount "75"]
[EventDate "2007.09.09"]

1. Nf3 e6 2. c4 b6 3. g3 Bb7 4. Bg2 f5 5. O-O Nf6 6. Nc3 Be7 7. d4 O-O 8. d5
Qc8 9. a3 a5 10. Bf4 Na6 11. Rc1 Nh5 12. Bg5 Bxg5 13. Nxg5 h6 14. Nf3 Nf6 15.
Nd4 Rb8 16. e4 fxe4 17. Nxe4 e5 18. Nf5 Qd8 19. Nc3 d6 20. f4 exf4 21. Rxf4 Bc8
22. Nd4 Bd7 23. Qd2 Ng4 24. Ne6 Bxe6 25. dxe6 Ne5 26. Nd5 Qg5 27. Rcf1 Nc5 28.
Nxc7 Qe7 29. Rxf8+ Rxf8 30. Rxf8+ Kxf8 31. Qf4+ Kg8 32. Bd5 Ncd3 33. Qe3 Kh8
34. Nb5 Qf6 35. Nxd6 Ng4 36. e7 Nxe3 37. e8=Q+ Kh7 38. Bg8+ 1-0

[Event "II liga Centralne Srbije-Istok"]
[Site "Prolom Banja"]
[Date "2007.10.19"]
[Round "8.4"]
[White "Minic, Ivan"]
[Black "Ivanovic, Zoran"]
[Result "0-1"]
[WhiteElo "2122"]
[BlackElo "2189"]
[PlyCount "58"]
[EventDate "2007.09.09"]

1. d4 Nf6 2. Nf3 e6 3. Bg5 Be7 4. e3 b6 5. Nbd2 Bb7 6. Bd3 d6 7. O-O Nbd7 8. e4
e5 9. dxe5 Nxe5 10. Nxe5 dxe5 11. Qe2 O-O 12. Nc4 Nd7 13. Bd2 Bf6 14. b4 Qe7
15. Ne3 g6 16. c4 c6 17. Bc3 Bg7 18. Rfd1 Rfc8 19. Qb2 h5 20. Rd2 Nf8 21. Rad1
Rd8 22. Bc2 Rxd2 23. Rxd2 Qg5 24. g3 Ne6 25. h4 Qf6 26. f4 Nd4 27. fxe5 Nf3+
28. Kf2 Nxe5+ 29. Kg1 Nf3+ 0-1

[Event "II liga Centralne Srbije-Istok"]
[Site "Prolom Banja"]
[Date "2007.10.19"]
[Round "8.5"]
[White "Vojinovic, Goran"]
[Black "Terzic, Goran"]
[Result "1-0"]
[WhiteElo "2463"]
[BlackElo "2305"]
[PlyCount "135"]
[EventDate "2007.09.09"]

1. d4 Nc6 2. e4 e5 3. dxe5 Nxe5 4. Nf3 Nxf3+ 5. Qxf3 Qf6 6. Qg3 Qg6 7. Bd3 Nf6
8. Nc3 Bb4 9. Bd2 d6 10. a3 Ba5 11. O-O-O Be6 12. f3 Qxg3 13. hxg3 O-O-O 14.
Bg5 h6 15. Bxf6 gxf6 16. g4 Bb6 17. Nd5 Bd4 18. Rh5 c6 19. Ne7+ Kc7 20. Rdh1
Be3+ 21. Kb1 Kd7 22. Nf5 Bxf5 23. Rxf5 Ke7 24. Rfh5 Kf8 25. Bc4 Kg7 26. Rd1
Rhe8 27. Rd3 Bb6 28. Rh1 Re5 29. Rd2 Bc7 30. Rdd1 Rh8 31. Rh3 Rc5 32. Bd3 Re5
33. c3 Rd8 34. Rdh1 Rh8 35. Kc2 Bb6 36. f4 Ree8 37. Rh5 Be3 38. Rf5 Rd8 39. Rf1
Rd7 40. Rf3 Bb6 41. Rh3 Bd8 42. Rfh5 d5 43. exd5 Rxd5 44. Rxd5 cxd5 45. Bf5 Bc7
46. Rd3 Rd8 47. g3 Kf8 48. Rd2 Bb6 49. Rh2 Kg7 50. Re2 Kf8 51. Kd3 Re8 52.
Rxe8+ Kxe8 53. Bc8 Bf2 54. Bxb7 Bxg3 55. f5 Ke7 56. Bxd5 Bf4 57. b4 Bc1 58. a4
Ba3 59. Kc4 Bb2 60. a5 Bc1 61. Kb5 Bd2 62. c4 Kd6 63. Bxf7 Be1 64. c5+ Kc7 65.
Bd5 Bd2 66. Kc4 Be1 67. a6 Kb8 68. b5 1-0

[Event "II liga Centralne Srbije-Istok"]
[Site "Prolom Banja"]
[Date "2007.10.19"]
[Round "8.5"]
[White "Zivic, Dragan"]
[Black "Milosevic, Aleksandar"]
[Result "0-1"]
[WhiteElo "2307"]
[BlackElo "2287"]
[PlyCount "92"]
[EventDate "2007.09.09"]

1. e4 c5 2. Nf3 e6 3. d4 cxd4 4. Nxd4 a6 5. Bd3 Bc5 6. Nb3 Be7 7. Nc3 Nc6 8. f4
d5 9. e5 f5 10. exf6 Nxf6 11. O-O O-O 12. Kh1 Bd6 13. Be3 Rf7 14. Nd4 Qc7 15.
g3 Bd7 16. Nf3 g6 17. Ne2 $11 Raf8 18. Ned4 Ng4 19. Bg1 e5 20. fxe5 Ngxe5 21.
Ng5 Rf6 22. Rxf6 Rxf6 23. Be2 Qc8 24. Ngf3 Qe8 25. Qd2 Nxf3 26. Bxf3 Nxd4 27.
Bxd5+ Ne6 28. Bxb7 Bc6+ 29. Bxc6 Qxc6+ 30. Qg2 Qxg2+ 31. Kxg2 Bc5 32. Rd1 Bxg1
33. Kxg1 Nc5 34. Rd5 Rc6 35. c4 h5 36. Kf2 Na4 37. b3 Nc3 38. Ra5 Re6 39. Kf3
Kf7 40. b4 Ne4 41. c5 Nd2+ 42. Kf2 Nc4 43. Ra4 Ke7 44. Kf3 Kd7 45. b5 axb5 46.
Ra7+ Kc6 0-1

[Event "II liga Centralne Srbije-Istok"]
[Site "Prolom Banja"]
[Date "2007.10.19"]
[Round "8.5"]
[White "Jevtic, Sasa"]
[Black "Savic, Goran Lj"]
[Result "0-1"]
[WhiteElo "2162"]
[BlackElo "2136"]
[PlyCount "99"]
[EventDate "2007.09.09"]

1. d4 e6 2. Nf3 Nf6 3. e3 b6 4. Bd3 Bb7 5. O-O Be7 6. c4 O-O 7. Nc3 d6 8. Qe2
Nbd7 9. Rd1 c5 10. d5 e5 11. Nd2 Ne8 $11 12. g4 g6 13. f4 f5 14. g5 Ng7 15. Qf2
a6 16. a4 Rb8 17. b3 Bc8 18. h4 h6 19. Be2 hxg5 20. hxg5 Kf7 21. Kg2 Rh8 22.
Bb2 Bxg5 23. fxg5 Qxg5+ 24. Qg3 Qh6 25. Rh1 Nh5 26. Bxh5 gxh5 27. Kf2 Nf6 28.
Rag1 Ng4+ 29. Ke2 Bd7 30. Qf3 Rbf8 31. Bc1 Ke7 32. Nf1 Qf6 33. Kd2 e4 34. Qf4
Ne5 35. Nh2 Rfg8 36. Qf1 h4 37. Ne2 b5 38. axb5 axb5 39. Nf4 bxc4 40. Rxg8 Rxg8
41. bxc4 Ra8 42. Qd1 Ra2+ 43. Ke1 Qg5 44. Qb3 Rxh2 45. Rxh2 Qg1+ 46. Kd2 Qxh2+
47. Kc3 Qg1 48. Bd2 Qa1+ 49. Qb2 Qxb2+ 50. Kxb2 0-1

[Event "II liga Centralne Srbije-Istok"]
[Site "Prolom Banja"]
[Date "2007.10.19"]
[Round "8.5"]
[White "Zivkovic, Rajko"]
[Black "Stefanovic, Vladimir"]
[Result "1-0"]
[WhiteElo "2246"]
[BlackElo "2216"]
[PlyCount "67"]
[EventDate "2007.09.09"]

1. c4 c5 2. Nc3 Nc6 3. e4 g6 4. d3 Bg7 5. f4 d6 6. Be2 Rb8 7. a4 a6 8. h3 e6 9.
Nf3 Nge7 10. O-O O-O 11. Be3 Nd4 12. Bf2 Nec6 13. Kh1 b5 14. axb5 axb5 15. Nxd4
Nxd4 16. Bxd4 Bxd4 17. Nxb5 Bxb2 18. Ra7 Bg7 19. Bg4 h5 20. Bf3 Bb7 21. e5 Bxf3
22. Qxf3 d5 23. Nd6 dxc4 24. dxc4 Ra8 25. Rb7 Ra2 26. Rb5 f6 27. Qb3 Qa8 28.
Qg3 fxe5 29. Qxg6 Rf6 30. Qg5 Kh7 31. Rb7 Qf8 32. Qxe5 Kh8 33. Qxh5+ Rh6 34.
Nf7+ 1-0

[Event "II liga Centralne Srbije-Istok"]
[Site "Prolom Banja"]
[Date "2007.10.19"]
[Round "8.5"]
[White "Nesic, Nebojsa"]
[Black "Filipovic, Slobodan"]
[Result "1-0"]
[WhiteElo "2171"]
[BlackElo "2185"]
[PlyCount "51"]
[EventDate "2007.09.09"]

1. d4 Nf6 2. c4 g6 3. Nc3 d5 4. cxd5 Nxd5 5. e4 Nxc3 6. bxc3 Bg7 7. Be3 c5 8.
Qd2 O-O 9. Nf3 Qc7 10. Be2 Nc6 11. O-O Bg4 12. Rab1 Rfd8 13. Rfc1 b6 14. h3
Bxf3 15. Bxf3 Qd7 16. d5 Na5 17. Be2 e6 18. Rd1 exd5 19. exd5 Nb7 20. Bg5 f6
21. Bb5 Qf5 22. Bf4 Nd6 23. Bc6 Rac8 24. g4 Qe4 25. Bxd6 Rxd6 26. Bb5 1-0

[Event "II liga Centralne Srbije-Istok"]
[Site "Prolom Banja"]
[Date "2007.10.19"]
[Round "8.5"]
[White "Vasic, Zarko"]
[Black "Vojinovic, Jovana"]
[Result "1/2-1/2"]
[WhiteElo "2099"]
[BlackElo "2227"]
[PlyCount "157"]
[EventDate "2007.09.09"]

1. e4 e6 2. d4 d5 3. exd5 exd5 4. Nf3 Nc6 5. Be2 Bd6 6. O-O Nge7 7. c3 Bg4 8.
h3 Bh5 9. Re1 Qd7 10. Bd3 O-O-O 11. b4 Rde8 12. Be3 f6 13. Nbd2 g5 14. b5 Nd8
15. c4 Bg6 16. Bf1 Nf5 17. Qa4 Kb8 18. c5 Nxe3 19. c6 Qf5 20. Rxe3 Rxe3 21.
fxe3 Re8 22. Qb3 h5 23. Be2 Qc2 24. Qxc2 Bxc2 25. Nf1 Bg6 26. cxb7 Nxb7 27. Kf2
Bf8 28. Rc1 Nd6 29. N3d2 Nf5 30. Bf3 Bf7 31. a4 Bd6 32. Nb3 h4 33. Bg4 Nh6 34.
Nc5 Nxg4+ 35. hxg4 Re7 36. Nd2 Bg3+ 37. Kf3 Be8 38. Ndb3 Kc8 39. Na5 Rxe3+ 40.
Kxe3 Bf4+ 41. Kf3 Bxc1 42. Nc6 Bxc6 43. bxc6 Ba3 44. Nd7 Be7 45. Ke3 a5 46. Kf3
Kd8 47. Ke3 Ke8 48. Kf3 Kf7 49. Nb6 Ke6 50. Nc8 Bb4 51. Ke3 Bd6 52. Kd3 Bf4 53.
Na7 Kd6 54. Ke2 Ke6 55. Nb5 f5 56. Kf3 fxg4+ 57. Kxg4 Kf6 58. Nc3 Ke6 59. Nb5
Bd2 60. Nxc7+ Kd6 61. Ne8+ Kxc6 62. Kf5 Be3 63. Nf6 Bxd4 64. Ng4 Bb6 65. Ne5+
Kd6 66. Nf7+ Kc5 67. Kxg5 d4 68. Ne5 Bd8+ 69. Kf5 Kb4 70. Ke4 Kxa4 71. Nd7 Kb4
72. Kxd4 a4 73. Kd3 a3 74. Kc2 Kc4 75. Ne5+ Kd5 76. Nf3 Kc4 77. Ne5+ Kd5 78.
Nf3 Kc4 79. Ne5+ 1/2-1/2

[Event "II liga Centralne Srbije-Istok"]
[Site "Prolom Banja"]
[Date "2007.10.19"]
[Round "8.6"]
[White "Raicevic, Ivica"]
[Black "Dimitrijevic, Srdjan"]
[Result "1-0"]
[WhiteElo "2323"]
[BlackElo "2313"]
[PlyCount "97"]
[EventDate "2007.09.09"]

1. c4 e5 2. Nc3 c5 3. g3 Nc6 4. Bg2 g6 5. Nf3 Bg7 6. d3 Nge7 7. O-O d6 8. Ne1
Be6 9. Nd5 O-O 10. Nc2 a5 11. Rb1 Rb8 12. Bg5 f6 13. Bd2 Bf7 14. Nce3 f5 15.
Nc3 b6 16. a3 h6 17. Ned5 Nxd5 18. Nxd5 Ne7 19. Nxe7+ Qxe7 20. b4 axb4 21. axb4
e4 22. Qc2 Rfe8 23. bxc5 bxc5 24. Bc3 exd3 25. exd3 Qf8 26. Bc6 Rec8 27. Bf3
Bxc3 28. Qxc3 Qg7 29. Qd2 g5 30. h3 Qd4 31. Qe3 Qf6 32. Bb7 Rc7 33. Qf3 Kg7 34.
Bd5 Rxb1 35. Rxb1 f4 36. g4 Qe5 37. Be4 Ra7 38. Kg2 Qd4 39. h4 Ra2 40. hxg5
hxg5 41. Rf1 Qe3 42. Rh1 Be6 43. Bf5 Bxf5 44. gxf5 Kf6 45. Rh8 g4 46. Rh6+ Kxf5
47. Qd5+ Qe5 48. Qf7+ Kg5 49. Qh5# 1-0

[Event "II liga Centralne Srbije-Istok"]
[Site "Prolom Banja"]
[Date "2007.10.19"]
[Round "8.6"]
[White "Petkovic, Dragoslav"]
[Black "Bura, Goran"]
[Result "1-0"]
[WhiteElo "2281"]
[BlackElo "2263"]
[PlyCount "101"]
[EventDate "2007.09.09"]

1. e4 c5 2. Nf3 Nc6 3. d3 g6 4. g3 Bg7 5. Bg2 d6 6. O-O Bg4 7. h3 Bxf3 8. Bxf3
Nf6 9. Bg2 Nd7 10. c3 O-O 11. Nd2 Rb8 12. f4 Qc7 13. Nf3 b5 14. Kh2 Nb6 15. h4
b4 16. c4 a5 17. Rb1 Nd4 18. Nxd4 Bxd4 19. h5 Nd7 20. Bf3 b3 21. a3 e6 22. Kg2
a4 23. Rh1 f5 24. Qe2 Rbe8 25. Be3 Bg7 26. hxg6 hxg6 27. exf5 gxf5 28. Bd2 Nf6
29. Rh4 d5 30. Rbh1 Qf7 31. Kf1 Qg6 32. Qf2 dxc4 33. dxc4 Ne4 34. Bxe4 fxe4 35.
Bc3 Bxc3 36. bxc3 Rd8 37. Qe2 b2 38. Kg2 Qf6 39. Rg4+ Kf7 40. Rh7+ Ke8 41. Qxb2
Rf7 42. Qb5+ Ke7 43. Qxc5+ Rd6 44. Qc7+ Rd7 45. Qc5+ Rd6 46. Rxf7+ Qxf7 47. Qe5
Rd2+ 48. Kf1 Qf5 49. Qc7+ Kf8 50. Qc8+ Kf7 51. Qg8+ 1-0

[Event "II liga Centralne Srbije-Istok"]
[Site "Prolom Banja"]
[Date "2007.10.19"]
[Round "8.6"]
[White "Turudic, Nenad"]
[Black "Puzic, Slobodan"]
[Result "0-1"]
[WhiteElo "2232"]
[BlackElo "2133"]
[PlyCount "80"]
[EventDate "2007.09.09"]

1. e4 c5 2. Nf3 Nc6 3. d4 cxd4 4. Nxd4 e5 5. Nb5 d6 6. N1c3 a6 7. Na3 Be6 8.
Nd5 Bxd5 9. exd5 Nb8 10. c4 Nd7 11. Bd3 Ngf6 12. O-O Be7 13. Re1 O-O 14. Bd2
Re8 15. b4 Bf8 16. Nc2 g6 17. f3 Nh5 18. Qc1 f5 19. g3 Bg7 20. Rb1 Rc8 21. Qa3
e4 22. fxe4 Ne5 23. Be2 Nxc4 24. Bxc4 Rxc4 25. Qd3 Rcxe4 26. Rxe4 Rxe4 27. Re1
Nf6 28. Rxe4 Nxe4 29. Kg2 Qc7 30. a3 b5 31. Kf1 Qc4 32. Ke2 Qa2 33. Be1 Qb2 34.
Kf3 h5 35. Bf2 Qc3 36. Ne1 Nd2+ 37. Ke2 Nc4 38. Qxc3 Bxc3 39. Nc2 Bb2 40. Kd1
Nxa3 0-1

[Event "II liga Centralne Srbije-Istok"]
[Site "Prolom Banja"]
[Date "2007.10.19"]
[Round "8.6"]
[White "Milenkovic, Slavisa"]
[Black "Lepojevic, Nebojsa"]
[Result "1-0"]
[WhiteElo "2179"]
[BlackElo "2077"]
[PlyCount "43"]
[EventDate "2007.09.09"]

1. Nf3 c5 2. e4 Nc6 3. d4 cxd4 4. Nxd4 g6 5. Nxc6 bxc6 6. Qd4 Nf6 7. e5 Nd5 8.
e6 Nf6 9. exf7+ Kxf7 10. Bc4+ d5 11. Bb3 e5 12. Qa4 Bd7 13. Bg5 h6 14. Bxf6
Kxf6 15. Nc3 Kg7 16. O-O-O Bc5 17. Rhe1 Bd4 18. f4 Bxc3 19. bxc3 e4 20. Rxe4 c5
21. Qa6 dxe4 22. Qb7 1-0

[Event "II liga Centralne Srbije-Istok"]
[Site "Prolom Banja"]
[Date "2007.10.19"]
[Round "8.6"]
[White "Stankovic, Ivan G"]
[Black "Lalovic, Srecko"]
[Result "0-1"]
[WhiteElo "1950"]
[BlackElo "2216"]
[PlyCount "71"]
[EventDate "2007.09.09"]

1. e4 e5 2. d4 exd4 3. Qxd4 Nc6 4. Qe3 d6 5. Nc3 Nf6 6. h3 Be7 7. Bd2 d5 8.
exd5 Nxd5 9. Nxd5 Qxd5 10. Ne2 Qc5 11. Nc3 Nb4 12. Bd3 Nxd3+ 13. cxd3 Be6 14.
Qe4 O-O-O 15. g4 Qa5 16. a4 Qa6 17. Nb5 Rd7 18. Rc1 Kb8 19. O-O Bd5 20. Qf5 Qe6
21. Qxe6 Bxe6 22. Bf4 Bd8 23. Be3 a6 24. Nd4 Bd5 25. b4 $11 Bf6 26. a5 Rhd8 27.
b5 axb5 28. Nxb5 Bc6 29. Na7 Bf3 30. a6 b6 31. Nb5 Be2 32. Rfe1 Bxd3 33. Nxc7
Be5 34. a7+ Kxa7 35. Rc6 Bxc7 36. Rec1 0-1